书目信息 |
| 题名: |
夏山学校
|
|
| 作者: | 尼尔 著 ;王克难 译 | |
| 分册: | ||
| 出版信息: | 海口 南海出版公司 2010 |
|
| 页数: | 299页 | |
| 开本: | 22cm | |
| 丛书名: | 新经典文库 | |
| 单 册: | ||
| 中图分类: | G40 | |
| 科图分类: | ||
| 主题词: | 学校教育--经验--英国 | |
| 电子资源: | ||
| ISBN: | 978-7-5442-4577-7 | |
| 000 | 00963oam2 2200289 450 | |
| 001 | 1559033761 | |
| 005 | 20150119162450.89 | |
| 010 | @a978-7-5442-4577-7@dCNY25.00 | |
| 100 | @a20101020d2010 em y0chiy50 ea | |
| 101 | 1 | @achi@ceng |
| 102 | @aCN@b460000 | |
| 105 | @ay z 000yy | |
| 200 | 1 | @a夏山学校@9xia shan xue xiao@dSummerhill@f(英)A. S. 尼尔(A. S. Neill)著@g王克难译@zeng |
| 205 | @a2版 | |
| 210 | @a海口@c南海出版公司@d2010 | |
| 215 | @a299页@d22cm | |
| 225 | 2 | @a新经典文库@i巴学园@v10 |
| 308 | @a文库181 | |
| 330 | @a本书回忆了作者与家人,尤其是与女儿小豆豆之间发生的一幕幕往事。在拉家常一般的叙述中,娓娓道出了自己关于孩子的教育,以及晚年生活的切身体验。 | |
| 461 | 0 | @12001 @a新经典文库 |
| 510 | 1 | @aSummerhill@zeng |
| 606 | 0 | @a学校教育@x经验@y英国 |
| 690 | @aG40@v5 | |
| 701 | 0 | @c(英)@a尼尔@9ni er@c(Neill,A.S.@f1883~1973)@4著 |
| 702 | 0 | @a王克难@9wang ke nan@4译 |
| 801 | 0 | @aCN@bTSSF@c20150119 |
| 905 | @aZUCC@dG40@e10=2 | |
| 夏山学校=Summerhill/(英)A. S. 尼尔(A. S. Neill)著/王克难译.-2版.-海口:南海出版公司,2010 |
| 299页;22cm.-(新经典文库.巴学园;10) |
| ISBN 978-7-5442-4577-7:CNY25.00 |
| 本书回忆了作者与家人,尤其是与女儿小豆豆之间发生的一幕幕往事。在拉家常一般的叙述中,娓娓道出了自己关于孩子的教育,以及晚年生活的切身体验。 |
| ● |
| 相关链接 |
|
|
|
|
正题名:夏山学校
索取号:G40/10=2
 
预约/预借
| 序号 | 登录号 | 条形码 | 馆藏地/架位号 | 状态 | 备注 |
| 1 | 7848720 | 278487200 | 学院路分馆/ [索取号:G40/10=2] | 在馆 |